<?xml version="1.0" encoding="UTF-8"?>
<marc:record xmlns:marc="http://www.loc.gov/MARC21/slim">
   <marc:leader>00000nam a2200000 a 4500</marc:leader>
   <marc:datafield ind1="1" ind2=" " tag="100">
      <marc:subfield code="a">Wolff, Ashley</marc:subfield>
   </marc:datafield>
   <marc:datafield ind1="1" ind2=" " tag="100">
      <marc:subfield code="a">Slate, Joseph</marc:subfield>
   </marc:datafield>
   <marc:datafield ind1=" " ind2=" " tag="653">
      <marc:subfield code="a">Weihnachtsbilderbuch</marc:subfield>
   </marc:datafield>
   <marc:datafield ind1="0" ind2="0" tag="245">
      <marc:subfield code="a">Wer kommt heut nacht in unser Haus?</marc:subfield>
   </marc:datafield>
   <marc:datafield ind1="0" ind2="0" tag="245">
      <marc:subfield code="b">ein Weihnachtsbuch</marc:subfield>
   </marc:datafield>
   <marc:datafield ind1="0" ind2="0" tag="245">
      <marc:subfield code="c">von Joseph Slate und Ashley Wolff</marc:subfield>
   </marc:datafield>
   <marc:datafield ind1=" " ind2="1" tag="264">
      <marc:subfield code="a">München</marc:subfield>
      <marc:subfield code="b">ars-ed.</marc:subfield>
      <marc:subfield code="c">1992</marc:subfield>
   </marc:datafield>
   <marc:datafield ind1="1" ind2=" " tag="520">
      <marc:subfield code="a">Im Stall geht das Gerücht um unter den Tieren, dass heute nacht jemand Besonderes kommen solle. Alle Tiere, von der Maus bis zur Kuh, treffen alle möglichen Vorbereitungen: sie putzen und fegen, schaffen Stroh und Daunen herbei, die Spinne webt ihr Netz zu Ende, das Huhn legt noch ein Ei, der Pfau schlägt ein Rad. Auf 18 ein- und doppelseitigen plakativen Bildern, überwiegend in Braun- und Gelbtönen, werden die Tiere meist stilisiert, mit leichtem Trend zum Süsslichen, das Umfeld eher naturalistisch dargestellt. Maria und Josef erreichen den Stall auf dem vorletzten Bild, das letzte zeigt die Krippenszene, holzschnittartig naiv dargestellt. Der von den Bildern her akzeptable schwergewichtige Pappband wird leider von einem in Reime gepressten, allzu spröden, wenig geheimnisvollen Text begleitet. - Bei grossem Bedarf an Weihnachtstiteln möglich. Ab 3.</marc:subfield>
   </marc:datafield>
   <marc:datafield ind1=" " ind2=" " tag="020">
      <marc:subfield code="a">3760777384</marc:subfield>
      <marc:subfield code="9">3760777384</marc:subfield>
   </marc:datafield>
   <marc:datafield ind1=" " ind2=" " tag="500">
      <marc:subfield code="a">Aus dem Engl. übers. - Umschlagt.</marc:subfield>
   </marc:datafield>
   <marc:datafield ind1=" " ind2=" " tag="300">
      <marc:subfield code="a">24 S. : überw. Ill. (farb.)</marc:subfield>
   </marc:datafield>
</marc:record>
